¿Como enseñar la historia? : (Record no. 132531)

MARC details
000 -LEADER
fixed length control field 00639nam a22001817a 4500
005 - DATE AND TIME OF LATEST TRANSACTION
control field 20170425142705.0
008 - FIXED-LENGTH DATA ELEMENTS--GENERAL INFORMATION
fixed length control field 170425b mx ||||| |||| 00| 0 spa d
020 ## - INTERNATIONAL STANDARD BOOK NUMBER
International Standard Book Number 9789685087667
050 04 - LIBRARY OF CONGRESS CALL NUMBER
Classification number D16.2
Item number A75 2008
100 1# - MAIN ENTRY--PERSONAL NAME
Personal name Arias y Simarro, Concepción.
245 ## - TITLE STATEMENT
Title ¿Como enseñar la historia? :
Remainder of title técnicas de apoyo para los profesores /
Statement of responsibility, etc Concepción Arias y Simarro
250 ## - EDITION STATEMENT
Edition statement 1a ed.
260 ## - PUBLICATION, DISTRIBUTION, ETC. (IMPRINT)
Place of publication, distribution, etc México :
Name of publisher, distributor, etc Instituto Tecnológico y de Estudios Superiores de Occidente,
Date of publication, distribution, etc 2008.
300 ## - PHYSICAL DESCRIPTION
Extent 135 p. ;
Dimensions 24 cm.
504 ## - BIBLIOGRAPHY, ETC. NOTE
Bibliography, etc Incluye bibliografía
650 #7 - SUBJECT ADDED ENTRY--TOPICAL TERM
Source of heading or term LEMB
Topical term or geographic name as entry element Historia
General subdivision Estudio y enseñanza
942 ## - ADDED ENTRY ELEMENTS (KOHA)
Source of classification or shelving scheme Biblioteca del Cogreso de los Estados Unidos
Koha item type Libro
Holdings
Estado de pérdida Fuente de clasificación Estado del daño No para préstamo Ubicación permanente Ubicación actual Apartado o colección Fecha de adquisición Edición Dependencia de educación superior (DES) Área del conocimiento Clasificación Código de Barras Date last seen Número de copia Tipo de recurso Nota pública
  Biblioteca del Cogreso de los Estados Unidos     Biblioteca del Instituto de Investigaciones Históricas Biblioteca del Instituto de Investigaciones Históricas General 25/04/2017 1a ed. Humanidades Ciencias Sociales y Administrativas D16.2 A75 2008 IIH000014971 25/04/2017 C:1 Libro GENERAL